| 000 | 01097nam a2200217Ia 4500 | ||
|---|---|---|---|
| 003 | Ost | ||
| 005 | 20260507075046.0 | ||
| 008 | 260507s9999||||xx |||||||||||||| ||und|| | ||
| 040 | _cfsecg | ||
| 041 | _aara | ||
| 082 | _a600 | ||
| 100 |
_aغالي، جورج دانيال _eمؤلف |
||
| 245 | 0 |
_aطرق ومشاكل المحاسبة عن النماذج والشركات : _bدراسة علمية لأحدث الإتجاهات التي تظمنتها معايير المحاسبة في مصر والدول المتقدمة ومعايير المحاسبة الدولية / _c جورج دانيال غالي |
|
| 260 |
_aالإسكندرية: _bالدار الجامعية, _c2002 |
||
| 300 |
_a160 صفحة؛ _bإيضاحات ؛ _c24 سم |
||
| 520 | _aإختيار طريقة المحاسبة عن الإندماج-المشاكل المحاسبية المرتبطة بالتقييم-المحاسبة عن الإندماج في جمهورية مصر العربية | ||
| 653 | _aمحاسبة | ||
| 653 | _aمحاسبة الشركات | ||
| 653 | _aمصر- محاسبة | ||
| 942 | _cكتاب | ||
| 999 |
_c42566 _d42566 |
||